Gaming Quiz

Random Gaming or Board Games Quiz

House of the dead facts Quiz Stats

Quiz not verified by Sporcle

Also try: Video Game Trios
Challenge
Share
Tweet
Embed
Score 0/10 Timer 06:00
0 Plays Today
fact answer % Correct
the year it is set in is1998
88.3%
player one is james taylor
73.3%
player 2 isgary
66.7%
the final boss is the wheel of fate
65%
it is set in the year 2019
63.3%
your weapon is a machine gun
56.7%
player 1 isg
50%
curien's full name isdr roy curien
46.7%
what is the name of the boss in the sewersthe justice
46.7%
3% of the words spoken areswear words
28.3%

You're not logged in!

Compare scores with friends on all Sporcle quizzes.
Sign Up with Email
OR
Log In

You Might Also Like...

Show Comments

Extras

Top Quizzes Today


Score Distribution

Your Account Isn't Verified!

In order to create a playlist on Sporcle, you need to verify the email address you used during registration. Go to your Sporcle Settings to finish the process.